000 00755cab a2200241 4500
001 ABS57426
008 090401t1997 xxu||||| |||| 00| 0 eng d
035 _a(Sirsi) u80284
041 _aeng
245 _aCost model: restaurants: building cost survey
260 _c1997
350 _a0
490 _aBuilding Services Journal
_vAugust 1997, 13-14(2)
520 _aProvides cost data on the fit-out of a large, themed restaurant constructed on two levels in a provincial city centre location.
650 _aBUILT ENVIRONMENT-BUILDING COSTS
650 _aCOST DATA
650 _aCOST MODELS
650 _aDAVIS LANGDON & EVEREST
650 _aRESTAURANTS
690 _aBUILT ENVIRONMENT-BUILDING COSTS
942 _n0
948 _c14/08/1997
999 _c50549
_d50549